|
|
|
|
| LEADER |
00000nab a2200000 a 4500 |
| 001 |
vtls000433699 |
| 003 |
SK-MaSNL |
| 005 |
20260303201528.0 |
| 008 |
230302c1991 xo 0 slo |
| 015 |
|
|
|a SNBRB19rr/mm-uuuuu
|
| 035 |
|
|
|a CL0433827
|
| 035 |
|
|
|a urn:nbn:sk:snk-abeo2a
|
| 035 |
|
|
|a (urnnbn)urn:nbn:sk:snk:ar-000fml
|
| 035 |
|
|
|a (uuid)d53265a5-e7a0-4ddf-94ad-c6181209b395
|
| 040 |
|
|
|a SNKBUCL
|b slo
|c SNKBUCL
|e AACR2
|
| 041 |
0 |
|
|a slo
|
| 044 |
|
|
|a xo
|c SK
|
| 080 |
|
|
|a 78.071.1
|2 1981
|
| 080 |
|
|
|a 78.071.2
|2 1981
|
| 080 |
|
|
|a 786.2
|2 1981
|
| 080 |
|
|
|a 398.8
|2 1981
|
| 080 |
|
|
|a 929 Bartók, Béla
|2 1981
|
| 100 |
1 |
|
|a Albrecht, Ján,
|d 1919-1996
|4 aut
|9 36871
|
| 245 |
1 |
0 |
|a Béla Bartók v bratislavských spomienkach
|c Ján Albrecht ; Béla Bartók
|
| 600 |
1 |
7 |
|a Bartók, Béla,
|d 1881-1945,
|2 snkbucl
|9 234474
|
| 600 |
1 |
7 |
|a Bartók, Béla,
|d 1881-1945
|2 snkbucl
|9 234474
|
| 655 |
|
7 |
|a články z novín a časopisov
|2 snkbucl
|9 267496
|
| 773 |
0 |
|
|t Slovenské pohľady
|g Roč. 107, č. 9 (1991), s. 113-116
|
| 850 |
|
|
|a Slovenská národná knižnica v Martine
|a MTA001
|
| 852 |
|
|
|a SNK
|b KIS3GCP
|
| 958 |
|
|
|a RK
|
| 958 |
|
|
|a HU
|
| 958 |
|
|
|a OND
|
| 958 |
|
|
|a EUIPO
|
| 958 |
|
|
|a article27
|
| 992 |
|
|
|a RBX
|
| 999 |
|
|
|c 2174652
|d 2176582
|